| 000 | 00823nam a2200265 4500 | ||
|---|---|---|---|
| 001 | 18065 | ||
| 003 | BD-RjUL | ||
| 005 | 20211209000231.0 | ||
| 008 | 140219r19671963miu b 00010 eng | ||
| 020 | _a0403013062 | ||
| 035 | _a(BD-RjUL)18123 | ||
| 040 |
_aDLC _beng _cDLC _dBD-RjUL |
||
| 041 | _aeng | ||
| 082 | 0 | 4 |
_a821.91 _bCOM 1967 |
| 100 | 1 |
_aCox, C. B. _955664 |
|
| 245 | 1 |
_aModern poetry : _bstudies in practical criticism / _c[by] C. B. Cox & A. E. Dyson. London, E. Arnold. |
|
| 260 |
_aLondon : _bEdward Arnold, _cc1963 [reprinted 1967]. |
||
| 300 |
_a168 p. ; _c22 cm. |
||
| 504 | _aBibliography: p. 165-168. | ||
| 650 | 0 |
_aEnglish poetry _y20th century _xHistory and criticism. _953041 |
|
| 700 | 1 | 0 |
_aDyson, A. E., _ejoint author. _955665 |
| 942 |
_2ddc _cBK |
||
| 999 |
_c18065 _d18065 |
||